The classroom / (Record no. 3882)

MARC details
000 -LEADER
fixed length control field 00919nam a22002537a 4500
001 - CONTROL NUMBER
control field 3882
003 - CONTROL NUMBER IDENTIFIER
control field FISKH
005 - DATE AND TIME OF LATEST TRANSACTION
control field 20251126105526.0
008 - FIXED-LENGTH DATA ELEMENTS--GENERAL INFORMATION
fixed length control field 240521b cb ||||| |||| 00| 0 eng d
040 ## - CATALOGING SOURCE
Original cataloging agency FISK
Language of cataloging eng
Transcribing agency FISK
Modifying agency FISK
050 ## - LIBRARY OF CONGRESS CALL NUMBER
Classification number PZ7.M16254
082 ## - DEWEY DECIMAL CLASSIFICATION NUMBER
Classification number 280
100 ## - MAIN ENTRY--PERSONAL NAME
Personal name Mellom Robin
245 ## - TITLE STATEMENT
Title The classroom /
Remainder of title The epic documentary of a not-yet-epic kid :
Statement of responsibility, etc. Robin Mellom
260 ## - PUBLICATION, DISTRIBUTION, ETC.
Place of publication, distribution, etc. New York :
Name of publisher, distributor, etc. Scholastic,
Date of publication, distribution, etc. 2012
300 ## - PHYSICAL DESCRIPTION
Extent 279 pages :
Other physical details illustrations ;
Dimensions 22 cm
505 ## - FORMATTED CONTENTS NOTE
Formatted contents note M
520 ## - SUMMARY, ETC.
Summary, etc. As a documentary is filmed at their middle school, roles reverse for worrier Trevor and his lifelong best friend Libby, who has always rescued him from embarrassing situations but is now focused on being "cool" and no longer wants to be his "friend friend."
521 8# - TARGET AUDIENCE NOTE
Target audience note 720
Source Lexiles
521 8# - TARGET AUDIENCE NOTE
Target audience note M
Source Raz-Plus
700 ## - ADDED ENTRY--PERSONAL NAME
Personal name Robin Mellom
942 ## - ADDED ENTRY ELEMENTS (KOHA)
Source of classification or shelving scheme Dewey Decimal Classification
Koha item type Books
Suppress in OPAC No
Holdings
Withdrawn status Lost status Source of classification or shelving scheme Damaged status Not for loan Collection Home library Current library Shelving location Date acquired Total Checkouts Full call number Barcode Date last seen Date last checked out Copy number Price effective from Koha item type
    Dewey Decimal Classification     Fiction Footprints International School Library Network Toul Tom Poung Campus Footprints International School Library Network Toul Tom Poung Campus   05/21/2024 2 MEL PZ7.M16254 280 2024-0659 12/04/2025 11/28/2025 1 05/21/2024 Books